000 00947nam0a22002531 4500
001 rc\1173456
005 20041129085441.5
035 _a(NLR Aleph) 006416290
090 _a5400311
_c5400311
100 _a20041129d1980 u |0rusy50 ca
101 0 _arus
102 _aRU
105 _aa |||||||||
200 1 _aВозрастные особенности моторно-висцеральных взаимоотношений
_eМежвуз. темат. сб.
_fКалинин. гос. ун-т
_g[Редкол.: Л.Б. Губман (отв. ред.) и др.]
210 _aКалинин
_cКГУ
_d1980
215 _a168 с.
_cграф.
_d21
320 _aБиблиогр. в конце статей
702 1 _aГубман
_bЛ. Б.
_gЛев Борисович
_4340
712 0 2 _aТверской ун-т
_3RU\NLR\AUTH\881533
801 0 _aRU
_bNLR
_gpsbo
801 1 _aRU
_bELAR
_2rusmarc
852 _aNLR
_j81-3/1121
942 _cBOOK
980 _aNB